000
00300nam a2200121Ia 4500
008
220204s9999 xx 000 0 und d
082
_a
303
_b
GIL
100
_a
Gillott, J
245
0
_a
Science and the retreat from reason
260
_a
London
_b
Merlin Press
_c
1995
700
_a
Kumar, M
942
_c
BK
999
_c
41359
_d
41359